00948nam a2200217 a 4500001001000000003000500010005001700015008004100032010001100073011001100084040000900095100003500104245021300139260004100352500006000393502010900453650002800562650003000590700004000620856007000660000114036CHAP20220329144424.0171023s2017 mx a fsm |||||||spa d a110497 a111469 cCHAP1 aMolina Bartolo, Dulce Sarahí10aMecanismos de resistencia a herbicidas inhibidores de la ACCasa de poblaciones de Avena fatua del Bajío Guanajuatense /h[En línea]cpor Dulce Sarahí Molina Bartolo y Juana María Sánchez Rentería. aChapingo, Méx. :bEl autor,c2017. aPara ver el contenido del material haga clic en la liga aTesis (Ing. Agr. Esp. en Parasitología Agrícola) -- UACH. Departamento de Parasitología Agrícola14aHerbicidasxAnálisis.14aHerbicidasxAplicación.1 aSánchez Rentería, Juana María aFinding aiduhttp://10.13.5.2/tesis/sist114036.pdfzTeclea aquí